Optimalizace struktury zásobovacích řetězců

Požiadavky individuálnych zákazníkov a stále ťažšie predvídateľný vývoj dopytu majú vplyv na voľbu distribučných stratégií firiem. Zmeny štruktúry distribučných reťazcov v ČR. Metodika voľby vhodnej štruktúry distribučných reťazcov a algoritmy vyvinuté pre podporu rozhodovania manažérov v tejto obla...

Ausführliche Beschreibung

Gespeichert in:
Bibliographische Detailangaben
1. Verfasser: Gros, Ivan
Weitere Verfasser: Hanta, Vladimír
Format: Buchkapitel
Sprache:Tschechisch
Schlagworte:
Tags: Tag hinzufügen
Keine Tags, Fügen Sie das erste Tag hinzu!

MARC

LEADER 00000naa a2200000 4500
001 r043695
005 20231003123242.3
041 0 |a cze 
044 |a CZ 
245 1 0 |a Optimalizace struktury zásobovacích řetězců  |c Ivan Gros, Vladimír Hanta 
520 |a Požiadavky individuálnych zákazníkov a stále ťažšie predvídateľný vývoj dopytu majú vplyv na voľbu distribučných stratégií firiem. Zmeny štruktúry distribučných reťazcov v ČR. Metodika voľby vhodnej štruktúry distribučných reťazcov a algoritmy vyvinuté pre podporu rozhodovania manažérov v tejto oblasti. 
610 2 0 |a zásobovanie 
610 2 0 |a distribúcia 
610 2 0 |a sklady 
610 2 0 |a optimalizácia 
610 2 0 |a náklady dopravné 
610 2 0 |a reťazce distribučné 
100 1 |a Gros, Ivan 
700 1 |a Hanta, Vladimír